[Event "Tenerife-chT Tercera"]
[Site "Tenerife"]
[Date "2023.04.29"]
[Round "13"]
[White "Rodriguez Govea, Elizabeth"]
[Black "Mesa Regalado, Adrian"]
[Result "1-0"]
[WhiteElo "1593"]
[BlackElo "1181"]
[PlyCount "69"]
[EventDate "2023.01.14"]
[EventType "team-tourn"]
[EventRounds "15"]
[EventCountry "ESP"]
[SourceTitle "EXT 2024"]
[Source "ChessBase"]
[SourceDate "2023.10.10"]
[SourceVersion "1"]
[SourceVersionDate "2023.10.10"]
[SourceQuality "1"]
[WhiteTeam "El Sauzal Libreria Barco III"]
[BlackTeam "Caissa Enroque III"]
[WhiteTeamCountry "ESP"]
[BlackTeamCountry "ESP"]

1. e4 c6 2. Nf3 d5 3. exd5 cxd5 4. d4 Bf5 5. Be2 e6 6. 0-0 Bd6 7. c4 Nf6 8. c5 Bc7 9. Nc3 0-0 10. b4 Nc6 11. a3 Rc8 12. Bg5 Bg4 13. Qd2 Re8 14. Bf4 Ne4 15. Nxe4 dxe4 16. Bxc7 Rxc7 17. Ne1 Bxe2 18. Qxe2 Qxd4 19. Nc2 Qd3 20. Rfe1 f5 21. Rad1 Qxe2 22. Rxe2 e5 23. Red2 Ree7 24. Ne3 f4 25. Nd5 Red7 26. Nf6+ Kf7 27. Rxd7+ Rxd7 28. Rxd7+ Kxf6 29. Rxb7 h6 30. Rc7 Nd4 31. Rxa7 g5 32. Ra6+ Kg7 33. c6 Nb5 34. c7 Nxc7 35. Ra7 1-0

[Event "Tenerife-chT Primera"]
[Site "Tenerife"]
[Date "2015.03.28"]
[Round "8.2"]
[White "Rodriguez Govea, Elizabeth"]
[Black "Rivas Crespo, Alejandro"]
[Result "0-1"]
[WhiteElo "1593"]
[BlackElo "1685"]
[PlyCount "85"]
[EventDate "2015.01.24"]
[EventType "swiss"]
[EventRounds "14"]
[EventCountry "ESP"]
[SourceTitle "EXT 2024"]
[Source "ChessBase"]
[SourceDate "2023.10.10"]
[SourceVersion "1"]
[SourceVersionDate "2023.10.10"]
[SourceQuality "1"]
[WhiteTeam "Valledrez"]
[BlackTeam "Circulo de Amistad XII Enero"]
[WhiteTeamCountry "ESP"]
[BlackTeamCountry "ESP"]

1. e4 c5 2. Nf3 Nc6 3. g3 d6 4. Bg2 Nf6 5. d3 g6 6. 0-0 Bg7 7. Re1 Rb8 8. a4 0-0 9. Na3 a6 10. c3 b5 11. axb5 axb5 12. Nc2 Bg4 13. h3 Bd7 14. Nh2 Qc8 15. g4 h5 16. g5 Ne8 17. h4 b4 18. Bd2 Nc7 19. Ne3 Ne5 20. d4 Nd3 21. Rf1 Nxb2 22. Qc2 cxd4 23. cxd4 Bxd4 24. Rac1 Ne6 25. Qxc8 Rfxc8 26. Rxc8+ Rxc8 27. Nd5 Kf8 28. Bxb4 Nd3 29. Nf3 Bb5 30. Nxd4 Nxd4 31. Ra1 Nc2 32. Rb1 Ncxb4 33. Nxb4 Rc1+ 34. Rxc1 Nxc1 35. Bf1 Ne2+ 36. Kh2 Ke8 37. Nd5 Kd7 38. Bh3+ e6 39. Nf6+ Kc7 40. Bf1 Nd4 41. Bxb5 Nxb5 42. Kg3 Nc3 43. f3 0-1

[Event "Canarias-ch U16"]
[Site "Costa Teguise"]
[Date "2014.04.26"]
[Round "7"]
[White "Villavicencio Sanchez, Pedro"]
[Black "Rodriguez Govea, Elizabeth"]
[Result "1-0"]
[WhiteElo "1747"]
[BlackElo "1547"]
[PlyCount "71"]
[EventDate "2014.04.24"]
[EventType "swiss"]
[EventRounds "7"]
[EventCountry "ESP"]
[SourceTitle "EXT 2016"]
[Source "ChessBase"]
[SourceDate "2015.10.08"]
[SourceVersion "1"]
[SourceVersionDate "2015.10.08"]
[SourceQuality "1"]

1. e4 c5 2. Nf3 d6 3. d4 cxd4 4. Nxd4 Nc6 5. c4 Nf6 6. Nc3 g6 7. Nc2 Bg7 8. Be2 0-0 9. 0-0 a6 10. Bg5 Qa5 11. Bd2 Qc7 12. Rc1 Bd7 13. Bg5 Qa5 14. Qd2 Rfb8 15. a3 Qd8 16. Rfd1 Na5 17. Na1 Be6 18. Bxf6 Bxf6 19. Nd5 Bxd5 20. cxd5 b5 21. b4 Bxa1 22. bxa5 Bg7 23. Rc6 Bf8 24. Bg4 h5 25. Bh3 Kh7 26. g4 hxg4 27. Bxg4 Bh6 28. Qc3 Bf4 29. Qf3 g5 30. Bf5+ Kg7 31. Qh3 Qh8 32. Rd3 Qxh3 33. Rxh3 Bd2 34. Rc7 Re8 35. Rc2 Bxa5 36. Bd7 1-0

[Event "Canarias-ch U16"]
[Site "Costa Teguise"]
[Date "2014.04.25"]
[Round "3"]
[White "Lorenzo Ventura, Adan"]
[Black "Rodriguez Govea, Elizabeth"]
[Result "0-1"]
[WhiteElo "1343"]
[BlackElo "1547"]
[PlyCount "42"]
[EventDate "2014.04.24"]
[EventType "swiss"]
[EventRounds "7"]
[EventCountry "ESP"]
[SourceTitle "EXT 2016"]
[Source "ChessBase"]
[SourceDate "2015.10.08"]
[SourceVersion "1"]
[SourceVersionDate "2015.10.08"]
[SourceQuality "1"]

1. e4 c5 2. c4 Nc6 3. Nc3 d6 4. Nf3 Nf6 5. d3 g6 6. Bg5 Bg7 7. Be2 0-0 8. Qd2 Re8 9. Bh6 Bh8 10. Qg5 a6 11. Nd5 Nxd5 12. Qxd5 Nb4 13. Qg5 Nc2+ 14. Kd2 Nxa1 15. Rxa1 Bxb2 16. Rb1 Qa5+ 17. Kd1 Qxa2 18. Rxb2 Qxb2 19. Qd5 Be6 20. Qg5 b5 21. Nh4 bxc4 0-1

[Event "Canarias-ch U16"]
[Site "Costa Teguise"]
[Date "2014.04.24"]
[Round "2"]
[White "Rodriguez Govea, Elizabeth"]
[Black "Cruz Ramirez, Nauzet"]
[Result "0-1"]
[WhiteElo "1547"]
[BlackElo "1814"]
[PlyCount "62"]
[EventDate "2014.04.24"]
[EventType "swiss"]
[EventRounds "7"]
[EventCountry "ESP"]
[SourceTitle "EXT 2016"]
[Source "ChessBase"]
[SourceDate "2015.10.08"]
[SourceVersion "1"]
[SourceVersionDate "2015.10.08"]
[SourceQuality "1"]

1. e4 c5 2. d3 e6 3. Nd2 Ne7 4. Ngf3 g6 5. g3 Bg7 6. Bg2 0-0 7. 0-0 Nbc6 8. c3 Rb8 9. a4 d5 10. Re1 d4 11. Qc2 b6 12. Nc4 dxc3 13. bxc3 Nb4 14. Qb3 Nxd3 15. Rd1 Nxc1 16. Raxc1 Qc7 17. Ne1 e5 18. Ne3 Be6 19. Nd5 Qb7 20. Nc2 Rfd8 21. Nce3 Nc6 22. Qb5 Kh8 23. h4 Bd7 24. Qe2 Rf8 25. g4 Qc8 26. h5 Qd8 27. f3 Qg5 28. hxg6 fxg6 29. Nxb6 Bxg4 30. Nxg4 axb6 31. Rd7 Qxc1+ 0-1

[Event "Tenerife-chT Primera 1314"]
[Site "Tenerife"]
[Date "2014.03.29"]
[Round "12.2"]
[White "Rodriguez Govea, Elizabeth"]
[Black "Camacho Hernandez, Francisco"]
[Result "1/2-1/2"]
[WhiteElo "1537"]
[BlackElo "1862"]
[PlyCount "86"]
[EventDate "2013.12.14"]
[EventType "team-tourn"]
[EventRounds "14"]
[EventCountry "ESP"]
[SourceTitle "EXT 2015"]
[Source "ChessBase"]
[SourceDate "2014.11.20"]
[SourceVersion "1"]
[SourceVersionDate "2014.11.20"]
[SourceQuality "1"]
[WhiteTeam "Valledrez"]
[BlackTeam "Casa de Venezuela"]
[WhiteTeamCountry "ESP"]
[BlackTeamCountry "ESP"]

1. e4 d6 2. Nf3 Nf6 3. d3 g6 4. Nbd2 Bg7 5. g3 0-0 6. Bg2 c6 7. 0-0 Nbd7 8. Re1 Qc7 9. c3 a5 10. a4 e5 11. Nc4 b5 12. axb5 cxb5 13. Ne3 Bb7 14. h4 Nc5 15. Qe2 b4 16. Bd2 Ba6 17. c4 Nb3 18. Ra2 Bb7 19. Nd5 Bxd5 20. exd5 Nxd2 21. Nxd2 Nd7 22. Ne4 Nc5 23. Nxc5 Qxc5 24. Rea1 Ra7 25. Qc2 Bf6 26. Qa4 Rb8 27. Qc6 Rc8 28. Qxc5 Rxc5 29. Be4 Bd8 30. b3 f5 31. Bf3 h5 32. Kg2 Bf6 33. Rf1 Kg7 34. Bd1 Kh6 35. Re2 Rc8 36. f4 Re8 37. fxe5 Rxe5 38. Rxe5 Bxe5 39. Re1 Kg7 40. Re2 Kf6 41. Kf3 Re7 42. Ra2 Ra7 43. Re2 Re7 1/2-1/2

[Event "Tenerife-chT Primera 1314"]
[Site "Tenerife"]
[Date "2014.01.25"]
[Round "4.3"]
[White "Perez Perez, Gabriel"]
[Black "Rodriguez Govea, Elizabeth"]
[Result "0-1"]
[WhiteElo "1442"]
[BlackElo "1537"]
[PlyCount "88"]
[EventDate "2013.12.14"]
[EventType "team-tourn"]
[EventRounds "14"]
[EventCountry "ESP"]
[SourceTitle "EXT 2015"]
[Source "ChessBase"]
[SourceDate "2014.11.20"]
[SourceVersion "1"]
[SourceVersionDate "2014.11.20"]
[SourceQuality "1"]
[WhiteTeam "Laguna Cotelec II"]
[BlackTeam "Valledrez"]
[WhiteTeamCountry "ESP"]
[BlackTeamCountry "ESP"]

1. e4 c5 2. Nf3 Nc6 3. d4 cxd4 4. Nxd4 a6 5. c4 d6 6. Nc3 g6 7. Be3 Bg7 8. Be2 Nf6 9. f3 0-0 10. 0-0 e6 11. Kh1 d5 12. Nxc6 bxc6 13. e5 Nd7 14. f4 f6 15. Bf3 Kh8 16. exf6 Qxf6 17. Qd2 d4 18. Bxd4 Qxd4 19. Qxd4 Bxd4 20. Bxc6 Ra7 21. Rac1 Rc7 22. Bxd7 Bxd7 23. b3 Be3 24. Rcd1 Rxf4 25. Rfe1 Bc5 26. Ne4 Bb4 27. Re3 Bc6 28. Ng3 Rf2 29. Re2 Bxg2+ 30. Kg1 Rxe2 31. Nxe2 Bf3 32. Rd8+ Kg7 33. Nf4 Bc5+ 34. Kf1 Re7 35. Nd3 Bb6 36. Rd6 Be4 37. Ne1 Bc7 38. Rxa6 Bxh2 39. a4 e5 40. b4 Bg3 41. Rd6 h5 42. Rd2 h4 43. Re2 Bb7 44. Kg1 h3 0-1

[Event "Tenerife Navidad op 24th"]
[Site "Tenerife"]
[Date "2013.12.23"]
[Round "7"]
[White "Rodriguez Govea, Elizabeth"]
[Black "Gonzalez Moreno, Juan Carlos"]
[Result "1-0"]
[WhiteElo "1537"]
[BlackElo "1719"]
[PlyCount "107"]
[EventDate "2013.12.13"]
[EventType "swiss"]
[EventRounds "9"]
[EventCountry "ESP"]
[SourceTitle "CBM 158 Extra"]
[Source "ChessBase"]
[SourceDate "2014.02.28"]
[SourceVersion "1"]
[SourceVersionDate "2014.02.28"]
[SourceQuality "1"]

1. e4 d5 2. exd5 Nf6 3. d4 Nxd5 4. c4 Nb6 5. Nf3 g6 6. Be2 Bg7 7. 0-0 0-0 8. Nc3 Nc6 9. d5 Ne5 10. Nxe5 Bxe5 11. Bh6 Re8 12. Qc1 e6 13. Rd1 exd5 14. Bf3 Qh4 15. g3 Qxc4 16. Bxd5 Nxd5 17. Nxd5 Qe4 18. Qe3 Qxe3 19. fxe3 Bg4 20. Rf1 Bf5 21. Rac1 c6 22. Nc3 Rad8 23. b3 Rd3 24. Nd1 Red8 25. Bf4 Bg7 26. Nf2 Be6 27. Nxd3 Rxd3 28. Rcd1 Rd5 29. Rxd5 Bxd5 30. Rd1 f5 31. Bb8 a6 32. Ba7 Kf7 33. Kf2 Ke6 34. Bc5 Be5 35. Rd2 Bc3 36. Rc2 Ba5 37. b4 Bc7 38. a3 Be5 39. Bd4 Bc7 40. h3 Be4 41. Rc1 Bd6 42. Bc5 Be5 43. Rd1 Bd5 44. g4 Bf6 45. gxf5+ gxf5 46. Rg1 Kf7 47. Bd4 Bxd4 48. exd4 f4 49. h4 Kf6 50. h5 b6 51. h6 Be4 52. Rg7 Ke6 53. Ra7 Bd3 54. Kf3 1-0

[Event "Tenerife Navidad op 24th"]
[Site "Tenerife"]
[Date "2013.12.16"]
[Round "2"]
[White "Rodriguez Govea, Elizabeth"]
[Black "Galvez Exposito, Vicente"]
[Result "1-0"]
[WhiteElo "1537"]
[BlackElo "1597"]
[PlyCount "99"]
[EventDate "2013.12.13"]
[EventType "swiss"]
[EventRounds "9"]
[EventCountry "ESP"]
[SourceTitle "CBM 158 Extra"]
[Source "ChessBase"]
[SourceDate "2014.02.28"]
[SourceVersion "1"]
[SourceVersionDate "2014.02.28"]
[SourceQuality "1"]

1. e4 e5 2. Nf3 Nc6 3. Bb5 Nf6 4. 0-0 a6 5. Ba4 Bc5 6. Bxc6 dxc6 7. Nxe5 0-0 8. d3 h6 9. Be3 Bd4 10. Bxd4 Qxd4 11. Nc4 Bg4 12. Qc1 Nxe4 13. Qe3 Qxe3 14. Nxe3 Nf6 15. Nxg4 Nxg4 16. Nd2 Rfe8 17. Rae1 Kf8 18. Ne4 f5 19. Nc5 Re7 20. Rxe7 Kxe7 21. Re1+ Kf7 22. h3 Nf6 23. Nxb7 Rb8 24. Na5 Rxb2 25. Nxc6 Rxc2 26. Nb4 Rd2 27. Nxa6 Nd5 28. Re5 Rd1+ 29. Kh2 Rxd3 30. Rxf5+ Kg6 31. Rf3 Rxf3 32. gxf3 Kf5 33. Kg3 c6 34. a4 Ke6 35. Nc5+ Kd6 36. Ne4+ Kc7 37. a5 Nb4 38. Kg4 g6 39. f4 Nd3 40. h4 c5 41. f5 h5+ 42. Kg5 gxf5 43. Kxf5 c4 44. f3 Ne1 45. Kf4 Ng2+ 46. Kg5 Ne3 47. Kxh5 Nd5 48. Kg5 c3 49. Nxc3 Nxc3 50. h5 1-0

[Event "Tenerife-chT-A1"]
[Site "Tenerife"]
[Date "2013.03.16"]
[Round "8.2"]
[White "Martin Hernandez, Jonas David"]
[Black "Rodriguez Govea, Elizabeth"]
[Result "1-0"]
[WhiteElo "1904"]
[BlackElo "1534"]
[PlyCount "93"]
[EventDate "2013.01.19"]
[EventType "team-tourn"]
[EventRounds "14"]
[EventCountry "ESP"]
[SourceTitle "EXT 2014"]
[Source "ChessBase"]
[SourceDate "2013.11.20"]
[SourceVersion "1"]
[SourceVersionDate "2013.11.20"]
[SourceQuality "1"]
[WhiteTeam "Piratas La Orotava"]
[BlackTeam "Valledrez"]
[WhiteTeamCountry "ESP"]
[BlackTeamCountry "ESP"]

1. e4 c5 2. d4 e6 3. d5 d6 4. Bb5+ Nd7 5. Bxd7+ Bxd7 6. c4 e5 7. Nc3 g6 8. f4 Bg7 9. Nf3 f6 10. 0-0 Ne7 11. fxe5 dxe5 12. Qe1 Qc7 13. Rb1 0-0 14. Qh4 Nc8 15. Bh6 Be8 16. Nd2 Nd6 17. Bxg7 Qxg7 18. a3 b6 19. Nd1 Rd8 20. Ne3 Bd7 21. b4 Nb7 22. Nb3 Qe7 23. Nd2 Rf7 24. Rb3 Rdf8 25. Nf3 Qd6 26. Ne1 f5 27. exf5 Bxf5 28. Qg3 Kh8 29. Nf3 e4 30. Ng5 Rd7 31. Qxd6 Nxd6 32. bxc5 bxc5 33. Ne6 Rc8 34. Ng5 Re7 35. g4 Bd7 36. Rf6 Ne8 37. Ra6 h6 38. Nh3 Kg7 39. Rb7 Ra8 40. Nf2 Nf6 41. h4 Rf7 42. Raxa7 Rxa7 43. Rxa7 g5 44. hxg5 hxg5 45. a4 Re7 46. a5 Ne8 47. Nf5+ 1-0

[Event "Tenerife-ch"]
[Site "Santa Cruz de Tenerife"]
[Date "2013.03.12"]
[Round "7"]
[White "Rodriguez Govea, Elizabeth"]
[Black "Rodriguez, Jesus Alberto"]
[Result "1-0"]
[WhiteElo "1533"]
[BlackElo "1415"]
[PlyCount "77"]
[EventDate "2013.03.04"]
[EventType "swiss"]
[EventRounds "9"]
[EventCountry "ESP"]
[SourceTitle "CBM 153 Extra"]
[Source "ChessBase"]
[SourceDate "2013.04.22"]
[SourceVersion "1"]
[SourceVersionDate "2013.04.22"]
[SourceQuality "1"]

1. e4 c5 2. d3 Nc6 3. Nf3 d6 4. g3 Bg4 5. Bg2 Nf6 6. 0-0 e6 7. Re1 d5 8. Nbd2 Be7 9. c3 Qb6 10. Qe2 d4 11. Nc4 Qc7 12. Bf4 Qd8 13. a4 a6 14. a5 Nd7 15. Bd6 e5 16. h3 Bxf3 17. Qxf3 f6 18. Qg4 0-0 19. Qe6+ Kh8 20. Bxe7 Qxe7 21. Qxe7 Nxe7 22. h4 Rad8 23. Nd6 b6 24. axb6 Nxb6 25. Nb7 Rc8 26. Rxa6 Nd7 27. Bh3 Nb8 28. Bxc8 Nxa6 29. Be6 Rb8 30. Bc4 Rxb7 31. Bxa6 Rxb2 32. cxd4 cxd4 33. Rc1 h6 34. Rc7 Rb6 35. Bc4 Nc6 36. h5 Kh7 37. Rc8 g6 38. Rc7+ Kh8 39. hxg6 1-0

[Event "Tenerife-ch"]
[Site "Santa Cruz de Tenerife"]
[Date "2013.03.05"]
[Round "2"]
[White "Ruiz Yanes, Jose David"]
[Black "Rodriguez Govea, Elizabeth"]
[Result "1/2-1/2"]
[WhiteElo "1391"]
[BlackElo "1533"]
[PlyCount "47"]
[EventDate "2013.03.04"]
[EventType "swiss"]
[EventRounds "9"]
[EventCountry "ESP"]
[SourceTitle "CBM 153 Extra"]
[Source "ChessBase"]
[SourceDate "2013.04.22"]
[SourceVersion "1"]
[SourceVersionDate "2013.04.22"]
[SourceQuality "1"]

1. d4 g6 2. e4 Bg7 3. Nc3 d6 4. f4 e6 5. Be3 Ne7 6. Bd3 0-0 7. Nf3 Nd7 8. g4 d5 9. f5 dxe4 10. Bxe4 exf5 11. gxf5 Nf6 12. fxg6 fxg6 13. Qd3 Nxe4 14. Qxe4 Nf5 15. 0-0-0 Re8 16. Ne5 Nxe3 17. Qxe3 c6 18. Qf3 Qg5+ 19. Kb1 Bxe5 20. dxe5 Qf5 21. Qxf5 Bxf5 22. Rhe1 Re7 23. Re3 Rae8 24. Rde1 1/2-1/2

[Event "Tenerife-ch U16"]
[Site "Santa Cruz de Tenerife"]
[Date "2013.02.12"]
[Round "4"]
[White "Rodriguez Govea, Elizabeth"]
[Black "Perez Barreto, Adrian"]
[Result "0-1"]
[WhiteElo "1534"]
[BlackElo "1974"]
[PlyCount "94"]
[EventDate "2013.02.09"]
[EventType "swiss"]
[EventRounds "9"]
[EventCountry "ESP"]
[SourceTitle "EXT 2015"]
[Source "ChessBase"]
[SourceDate "2014.11.20"]
[SourceVersion "1"]
[SourceVersionDate "2014.11.20"]
[SourceQuality "1"]

1. e4 c5 2. d3 e6 3. Nd2 d5 4. c3 Nc6 5. Ngf3 Nf6 6. g3 Be7 7. Bg2 Qc7 8. 0-0 b6 9. Re1 Bb7 10. Qe2 h6 11. a3 g5 12. Rd1 0-0-0 13. h3 Rdg8 14. Nh2 h5 15. Ndf1 Ba6 16. Qc2 dxe4 17. dxe4 Nd7 18. b3 Nde5 19. a4 Rd8 20. Be3 Na5 21. Nd2 Bd3 22. Qb2 h4 23. g4 Be2 24. Rdb1 Nd3 25. Qc2 Nf4 26. Qb2 Bf6 27. Ndf3 Bd3 28. Re1 Nxg2 29. Kxg2 Bxe4 30. Rad1 Bd5 31. Kg1 Bxb3 32. Rxd8+ Qxd8 33. Qd2 Qxd2 34. Bxd2 Rg8 35. Ra1 Bd5 36. Re1 Nb3 37. Be3 Bxc3 38. Rb1 f6 39. Nf1 c4 40. N3d2 Na5 41. f3 Kd7 42. Kg2 Rc8 43. Rc1 Bxd2 44. Nxd2 c3 45. Nb1 c2 46. Na3 Rc3 47. Nxc2 Nb3 0-1

[Event "Tenerife-chT-A1"]
[Site "Tenerife"]
[Date "2013.01.26"]
[Round "2.3"]
[White "Rodriguez Lapetra, Jaime"]
[Black "Rodriguez Govea, Elizabeth"]
[Result "0-1"]
[WhiteElo "1476"]
[BlackElo "1534"]
[PlyCount "132"]
[EventDate "2013.01.19"]
[EventType "team-tourn"]
[EventRounds "14"]
[EventCountry "ESP"]
[SourceTitle "EXT 2014"]
[Source "ChessBase"]
[SourceDate "2013.11.20"]
[SourceVersion "1"]
[SourceVersionDate "2013.11.20"]
[SourceQuality "1"]
[WhiteTeam "Laguna Cotelec II"]
[BlackTeam "Valledrez"]
[WhiteTeamCountry "ESP"]
[BlackTeamCountry "ESP"]

1. e4 c5 2. Nf3 Nc6 3. d4 cxd4 4. Nxd4 e6 5. Nc3 Nf6 6. Nf3 d6 7. Bd3 Be7 8. 0-0 0-0 9. Re1 a6 10. b3 Qc7 11. Bb2 b5 12. Ne2 Nb4 13. Ng3 Bb7 14. a3 Nxd3 15. cxd3 Rac8 16. Rc1 Qb8 17. Re2 Rfd8 18. Rec2 Nd7 19. b4 d5 20. Qe1 dxe4 21. dxe4 Nf6 22. Be5 Qa8 23. Rc7 Rxc7 24. Rxc7 Bd6 25. Bxd6 Rxd6 26. e5 Rd7 27. Rxd7 Nxd7 28. Qe3 Bxf3 29. gxf3 Qb8 30. f4 Nb6 31. f5 Nc4 32. Qc3 Qxe5 33. Qxe5 Nxe5 34. fxe6 fxe6 35. Ne4 Nc4 36. Nc5 Nxa3 37. Nxa6 Nc2 38. Nc7 Nd4 39. Kf1 Kf8 40. Ke1 Ke7 41. Kd1 Kd7 42. Na6 Kd6 43. Kc1 g5 44. h3 Ne2+ 45. Kd2 Nf4 46. Ke3 Nxh3 47. f3 Nf4 48. Ke4 h5 49. Nc5 h4 50. Ke3 Ke5 51. Kf2 Kd4 52. Kg1 Kc4 53. Na6 e5 54. Kf1 h3 55. Kg1 Kc3 56. Kh2 Kc4 57. Kg1 Nd3 58. Kh2 Nxb4 59. Nc7 Nd3 60. Nxb5 Kxb5 61. Kxh3 Kc5 62. Kg4 Ne1 63. Kxg5 Nxf3+ 64. Kg4 e4 65. Kg3 Kd4 66. Kf2 Kd3 0-1

[Event "Tenerife-chT-A1"]
[Site "Tenerife"]
[Date "2013.01.19"]
[Round "1.2"]
[White "Rodriguez Govea, Elizabeth"]
[Black "Martin Hernandez, Jonas David"]
[Result "0-1"]
[WhiteElo "1534"]
[BlackElo "1904"]
[PlyCount "102"]
[EventDate "2013.01.19"]
[EventType "team-tourn"]
[EventRounds "14"]
[EventCountry "ESP"]
[SourceTitle "EXT 2014"]
[Source "ChessBase"]
[SourceDate "2013.11.20"]
[SourceVersion "1"]
[SourceVersionDate "2013.11.20"]
[SourceQuality "1"]
[WhiteTeam "Valledrez"]
[BlackTeam "Piratas La Orotava"]
[WhiteTeamCountry "ESP"]
[BlackTeamCountry "ESP"]

1. e4 c5 2. d3 Nc6 3. Nf3 g6 4. g3 Bg7 5. Bg2 Nf6 6. 0-0 0-0 7. c3 h6 8. Re1 d6 9. a4 Be6 10. Na3 Qc8 11. Nc4 d5 12. exd5 Nxd5 13. Ne3 Nc7 14. Qe2 Rd8 15. Nc2 Bg4 16. Ne3 Be6 17. Nc2 Bg4 18. Ne3 Bh5 19. h3 g5 20. g4 Bg6 21. Rd1 Qe6 22. Bf1 Qf6 23. Nc4 b6 24. Bg2 Nd5 25. Ne1 Rd7 26. Bxd5 Rxd5 27. Ne3 Rdd8 28. N3g2 Rd6 29. Be3 e5 30. Rac1 Rad8 31. Qf3 Qe6 32. Qe2 Na5 33. b4 cxb4 34. cxb4 Nb3 35. Rc7 a5 36. bxa5 Nxa5 37. Rcc1 Qd7 38. Kh1 Qxa4 39. Rb1 Qd7 40. Bxb6 Nc6 41. Bxd8 Qxd8 42. Ne3 Nd4 43. Qf1 e4 44. Rb4 exd3 45. Nxd3 Be4+ 46. Kh2 Nf3+ 47. Kg3 Ba8 48. Nf5 Rxd3 49. Rxd3 Qc7+ 50. Nd6 Be5+ 51. Kg2 Nd2+ 0-1

[Event "El Sauzal 1st"]
[Site "El Sauzal"]
[Date "2012.07.12"]
[Round "5.4"]
[White "Rodriguez Redondo, Ethan"]
[Black "Rodriguez Govea, Elizabeth"]
[Result "0-1"]
[WhiteElo "1397"]
[BlackElo "1512"]
[PlyCount "110"]
[EventDate "2012.07.03"]
[EventType "tourn"]
[EventRounds "9"]
[EventCountry "ESP"]
[SourceTitle "EXT 2024"]
[Source "ChessBase"]
[SourceDate "2023.10.10"]
[SourceVersion "1"]
[SourceVersionDate "2023.10.10"]
[SourceQuality "1"]

1. e4 e5 2. Nf3 Nc6 3. d4 exd4 4. Nxd4 Qf6 5. Nxc6 Qxc6 6. Bd3 Be7 7. 0-0 b6 8. Nc3 Bb7 9. Qg4 Qg6 10. Qxg6 hxg6 11. Nb5 Kd8 12. Bf4 c6 13. Nd6 Bxd6 14. Bxd6 Nf6 15. f3 Ne8 16. Bg3 Ke7 17. Rfd1 Rd8 18. c4 f6 19. a4 a5 20. Ra3 Ra8 21. Rb3 Ba6 22. Rxb6 Rh5 23. e5 f5 24. c5 Bxd3 25. Rxd3 Nc7 26. Rbb3 Nd5 27. Rd4 Rhh8 28. Be1 Ra7 29. g4 Ke6 30. Bg3 Rh7 31. Kg2 Rh8 32. Rbd3 Rb7 33. Rd2 Rhb8 34. h3 Rxb2 35. f4 Rxd2+ 36. Rxd2 Rb4 37. Ra2 Nxf4+ 38. Bxf4 Rxf4 39. gxf5+ Kxf5 40. Rd2 Ke6 41. Rd6+ Kxe5 42. Rxd7 Rxa4 43. Rd6 Rc4 44. Rxc6 Kd5 45. Rxg6 Kxc5 46. Rxg7 a4 47. Ra7 Kb4 48. Kg3 Kb3 49. h4 a3 50. h5 a2 51. h6 Ra4 52. h7 a1Q 53. Rxa4 Kxa4 54. Kh4 Qg7 55. Kh5 Qxh7+ 0-1

[Event "El Sauzal 1st"]
[Site "El Sauzal"]
[Date "2012.07.05"]
[Round "2.4"]
[White "Rodriguez Govea, Elizabeth"]
[Black "Chirinos Rodriguez, Jonathan Edu"]
[Result "1/2-1/2"]
[WhiteElo "1512"]
[BlackElo "1333"]
[PlyCount "120"]
[EventDate "2012.07.03"]
[EventType "tourn"]
[EventRounds "9"]
[EventCountry "ESP"]
[SourceTitle "EXT 2024"]
[Source "ChessBase"]
[SourceDate "2023.10.10"]
[SourceVersion "1"]
[SourceVersionDate "2023.10.10"]
[SourceQuality "1"]

1. e4 c6 2. d3 d5 3. Nd2 dxe4 4. dxe4 e5 5. Ngf3 Nd7 6. Be2 Ngf6 7. 0-0 Be7 8. c3 0-0 9. Qc2 Re8 10. Rd1 b5 11. Nf1 Qb6 12. Be3 Bc5 13. Bxc5 Nxc5 14. Ng3 Bb7 15. Nd2 Rad8 16. Nb3 Ne6 17. Rxd8 Rxd8 18. Rd1 Rc8 19. Nf5 Kf8 20. Nd6 Rd8 21. Nxb7 Rxd1+ 22. Bxd1 Qxb7 23. Bf3 Ng5 24. Qd3 Nxf3+ 25. Qxf3 Qd7 26. Kf1 Qg4 27. Qxg4 Nxg4 28. h3 Nf6 29. f3 h5 30. Na5 c5 31. Nc6 a6 32. Nxe5 Ke7 33. Nd3 Nd7 34. Ke2 g5 35. Ke3 Ke6 36. f4 c4 37. Nb4 a5 38. Nc6 gxf4+ 39. Kxf4 a4 40. Nd4+ Kf6 41. Nxb5 Nc5 42. e5+ Ke6 43. Nc7+ Kd7 44. Nb5 Nd3+ 45. Ke4 Nxb2 46. Kd4 Ke6 47. Na3 h4 48. Nxc4 Nxc4 49. Kxc4 Kxe5 50. Kc5 Kf4 51. Kd6 Kg3 52. c4 Kxg2 53. c5 f5 54. c6 f4 55. c7 f3 56. c8Q f2 57. Qg4+ Kh2 58. Qf3 Kg1 59. Qg4+ Kh2 60. Qf3 Kg1 1/2-1/2

[Event "El Sauzal 1st"]
[Site "El Sauzal"]
[Date "2012.07.03"]
[Round "1.2"]
[White "Garcia Cruz, Francisco"]
[Black "Rodriguez Govea, Elizabeth"]
[Result "0-1"]
[WhiteElo "1638"]
[BlackElo "1512"]
[PlyCount "74"]
[EventDate "2012.07.03"]
[EventType "tourn"]
[EventRounds "9"]
[EventCountry "ESP"]
[SourceTitle "EXT 2024"]
[Source "ChessBase"]
[SourceDate "2023.10.10"]
[SourceVersion "1"]
[SourceVersionDate "2023.10.10"]
[SourceQuality "1"]

1. d4 d5 2. c4 e6 3. Nc3 c6 4. e3 Nf6 5. Nf3 Nbd7 6. cxd5 cxd5 7. Bd3 a6 8. Bd2 Be7 9. Rc1 0-0 10. 0-0 Bd6 11. h3 e5 12. dxe5 Nxe5 13. Bb1 Be6 14. b3 Qd7 15. Nxe5 Bxe5 16. f4 Bxc3 17. Bxc3 Ne4 18. Bd4 Rfc8 19. Kh2 Rxc1 20. Qxc1 Qe7 21. Qb2 f6 22. Rf3 Rc8 23. f5 Bd7 24. Rf4 Bc6 25. Qe2 Qc7 26. Qg4 Qf7 27. h4 h5 28. Qe2 Re8 29. g4 Bb5 30. Qg2 hxg4 31. Rxg4 Qc7+ 32. Kh3 Rf8 33. h5 Ng5+ 34. Kh4 Bf1 35. Qxd5+ Kh8 36. Qh1 Nf3+ 37. Qxf3 Qh2+ 0-1